| 000 | 00391nam a2200145Ia 4500 | ||
|---|---|---|---|
| 008 | 220217s9999||||xx |||||||||||||| ||und|| | ||
| 020 | _a9788177585292 | ||
| 082 | _a004.66 GNE | ||
| 100 |
_aHandel, Rainer and others _98132 |
||
| 245 | 0 | _aATM networks | |
| 250 | _a3rd | ||
| 260 |
_aPearson education of asia _bNew Delhi _c2008 |
||
| 300 |
_a327p. _b415 |
||
| 650 | _aCOMPUTER NETWORK | ||
| 999 |
_c182823 _d182823 |
||